000 00276nam a22001217a 4500
082 _a160
_bJOS/B
100 _aANNAMKUTTY JOSE,JOSEPH
245 _aBURIED THOUGHTS
260 _aKOTTAYAM
_bDC BOOKS
300 _a311
650 _aPERSONALITY DEVELOPMENT
_zKOTTAYAM
942 _cBK
999 _c5309
_d5309